Các trường chuẩn trong mô hình 3-3-1 với ba đơn tuyến neutrino : Luận văn thạc sĩ vật lý. Chuyên ngành Vật Lý lý thuyết và Vật Lý Toán

Đề tài giới thiệu về các mô hình 3-3-1, trong đó có mô hình với các đơn tuyến neutrino. Xây dựng tương tác chuẩn của các trường vô hướng và xác định phổ khối lượng cho các boson chuẩn mang điện và trung hòa....

Ausführliche Beschreibung

Gespeichert in:
Bibliographische Detailangaben
1. Verfasser: Lý, Thị Tú Trân
Format: Buch
Sprache:Undetermined
Veröffentlicht: Cần Thơ Trường Đại học Cần Thơ 2015
Schlagworte:
Tags: Tag hinzufügen
Keine Tags, Fügen Sie den ersten Tag hinzu!
Thư viện lưu trữ: Trung tâm Học liệu Trường Đại học Cần Thơ
LEADER 01174nam a2200217Ia 4500
001 CTU_201786
008 210402s9999 xx 000 0 und d
082 |a 539.72 
082 |b Tr121 
088 |a 60440103 
100 |a Lý, Thị Tú Trân 
245 0 |a Các trường chuẩn trong mô hình 3-3-1 với ba đơn tuyến neutrino : 
245 0 |b Luận văn thạc sĩ vật lý. Chuyên ngành Vật Lý lý thuyết và Vật Lý Toán 
245 0 |c Lý Thị Tú Trân ; Hoàng Ngọc Long (Cán bộ hướng dẫn) 
260 |a Cần Thơ 
260 |b Trường Đại học Cần Thơ 
260 |c 2015 
520 |a Đề tài giới thiệu về các mô hình 3-3-1, trong đó có mô hình với các đơn tuyến neutrino. Xây dựng tương tác chuẩn của các trường vô hướng và xác định phổ khối lượng cho các boson chuẩn mang điện và trung hòa. 
650 |a Hạt (Vật lý hạt nhân),Particles (Nuclear physics) 
904 |i Khoa 
980 |a Trung tâm Học liệu Trường Đại học Cần Thơ